| 000 | 00902nam a22002297a 4500 | ||
|---|---|---|---|
| 999 |
_c1786 _d1786 |
||
| 003 | AR-CdUCM | ||
| 008 | 190227b ||||| |||| 00| 0 spa d | ||
| 020 | _a843440800 | ||
| 040 |
_aMUNICIPALIDAD PROVINCIAL DEL CUSCO _cBIBLIOTECA MUNICIPAL DEL CUSCO |
||
| 082 |
_a301.243 / _bB14 |
||
| 100 |
_aBadura, Bernhard _96558 |
||
| 245 | _aIntroducción a la socióloga de la comunicación / | ||
| 260 |
_aBarcelona : _bAriel; _c1979. |
||
| 300 |
_a213 paginas ; _c13 cm. |
||
| 505 | _aTeoría matemática y teoría sociológica de la comunicación -- Juicios hipotéticos y juicios fijados emocionalmente -- Lenguaje e interacción -- Análisis ideológico -- Poder e información ... | ||
| 650 |
_aAspectos sociales _9262 |
||
| 650 |
_aExpresiones comunicativas _96559 |
||
| 650 |
_aLenguaje _93528 |
||
| 700 |
_aVermal, Juan Luis (traductor) _96560 |
||
| 942 |
_2ddc _cLIBROS |
||
| 945 |
_arum _d2019-02-27 |
||